Love & anger in marriage. (Record no. 14584)

000 -LEADER
fixed length control field 00591nam a2200205 a 4500
001 - CONTROL NUMBER
control field :::00012416$&:&@@
003 - CONTROL NUMBER IDENTIFIER
control field OkBaRHE
005 - DATE AND TIME OF LATEST TRANSACTION
control field 20000607103419.0
008 - FIXED-LENGTH DATA ELEMENTS--GENERAL INFORMATION
fixed length control field s1982 j 000 0 eng u
040 ## - CATALOGING SOURCE
Transcribing agency
100 1# - MAIN ENTRY--PERSONAL NAME
Personal name Mace, D. R. (David Robert)
245 10 - TITLE STATEMENT
Title Love & anger in marriage.
260 ## - PUBLICATION, DISTRIBUTION, ETC. (IMPRINT)
Place of publication, distribution, etc Grand Rapids, MI., :
Name of publisher, distributor, etc Zondervan Publishing House
Date of publication, distribution, etc c1982
300 ## - PHYSICAL DESCRIPTION
Extent 135 p. ;
Dimensions 23 cm.
650 ## - SUBJECT ADDED ENTRY--TOPICAL TERM
Topical term or geographic name as entry element Anger
650 ## - SUBJECT ADDED ENTRY--TOPICAL TERM
Topical term or geographic name as entry element Love
650 ## - SUBJECT ADDED ENTRY--TOPICAL TERM
Topical term or geographic name as entry element Marriage
942 ## - ADDED ENTRY ELEMENTS (KOHA)
Source of classification or shelving scheme
Koha item type Books
Copies
Withdrawn status Copy number Shelving location Koha item type Source of classification or shelving scheme Date acquired Permanent Location Barcode Not for loan Full call number Damaged status Price effective from Date last seen Lost status
 1General StacksBooks 2010-04-14RHEMA Bible Training College12416 HQ 728 .M19 2010-04-142010-04-14